| 000 | 00515nam a2200205Ia 4500 | ||
|---|---|---|---|
| 008 | 170918s9999 xx 000 0 und d | ||
| 020 | _a9780439738910 | ||
| 050 | _bK395 2004 | ||
| 100 | _aKerley, Barbara | ||
| 245 | _aWalt Whitman : | ||
| 245 | _bwords for America / | ||
| 245 | _cby Barbara Kerley ; illustrated by Brian Selznick. | ||
| 260 | _aNew York : | ||
| 260 | _bScholastic, | ||
| 260 | _c2004 | ||
| 300 | _aunpaged : | ||
| 300 | _bcolored illustration ; | ||
| 300 | _c30cm. | ||
| 500 | _a970 | ||
| 999 |
_c343146 _d343146 |
||